000 00773nam a22002657a 4500
005 20151211070210.0
008 061006s2008 iaua 001 0 eng
020 _a9780072867398
020 _a0072867396
020 _a9780073312637
020 _a0073312630
041 0 _aeng
080 _a512
100 1 _aBarnett, Raymond A.
245 1 0 _aPrecalculus /
250 _a6th ed.
260 _aBoston :
_bMcGraw-Hill,
_c2008.
300 _a1164 f. :
_bme il.;
_c26 cm.
505 _aIndex: f. 1150 - 1164
650 0 _aAlgjebra
700 1 _aZiegler, Michael R.
700 1 _aByleen, Karl E.
856 4 1 _3Table of contents only
_uhttp://www.loc.gov/catdir/toc/ecip072/2006033534.html
942 _2udc
_cBK
999 _c738
_d738